Sports Quiz

Random Sports or Football Quiz

Division 2 Football Champions Quiz Stats

 Plays Quiz not verified by Sporcle

Score 0/21 Timer 10:00
0 Plays Today
Years School % Correct
2002, 2003, 2005, 2006Grand Valley State
68.4%
2004, 2007Valdosta State
63.3%
1998, 1999, 2009Northwest Missouri State
58.2%
1993, 1994, 1995North Alabama
57%
2001North Dakota
51.9%
1983, 1985, 1986, 1988, 1990North Dakota State
48.1%
2008Minnesota Duluth
44.3%
1991Pittsburg State
44.3%
2000Delta State
43%
1996, 1997Northern Colorado
34.2%
1984, 1987Troy State
31.6%
Years School % Correct
1973Louisiana Tech
29.1%
1974Central Michigan
26.6%
1975Northern Michigan
26.6%
1979Delaware
25.3%
1981, 1982Southwest Texas State
22.8%
1992Jacksonville State
21.5%
1976Montana State
19%
1978Eastern Illinois
13.9%
1980Cal Poly-SLO
11.4%
1977Lehigh
10.1%

You're not logged in!

Compare scores with friends on all Sporcle quizzes.
OR
Log In

Sporcle TV

Today on Sporcle TV


Watch our educational content, quiz creation guides, and fun videos on Sporcle TV.

Show Comments

Extras

Top Quizzes Today


Score Distribution

Your Account Isn't Verified!

In order to create a playlist on Sporcle, you need to verify the email address you used during registration. Go to your Sporcle Settings to finish the process.

Report this User

Report this user for behavior that violates our Community Guidelines.

Details: